000 00395nam a2200181Ia 4500
008 210210b xxu||||| |||| 00| 0 eng d
041 _aeng
082 _a560/24
100 _aEMME (A)
245 _aClock of living nature
260 _aMoscow
_bPeace Publishers
_c
650 _aof
650 _anature
650 _aliving
650 _aClock
690 _aPure Sciences
906 _a010189
999 _c137957
_d137957